000
00262nam a2200097Ia 4500
001
645850
005
20250826153631.0
008
250824s9999 xx 000 0 und d
245
0
_a
AYRILIK SEVDAYA DAHİL
_c
ATTİLA İLHAN
260
_b
TÜRKİYE İŞ BANKASI YAYINLARI
999
_c
645850
_d
645850